000 00417nam a22001577a 4500
003 LK-CoDNM
005 20240724111324.0
008 240724b |||||||| |||| 00| 0 eng d
040 _aLK-CoDNM
_dLK-CoDNM
_eLK-CoDNM
080 _a8
_bX12
100 _aClark,John,r
245 _aBeowulf A Metrical Translation
260 _aCambridge University Press
_bLondon
_c1914
300 _axii , 114p. : 19 cm
942 _cBK
999 _c146059
_d146059